| 000 | 00982cam a2200241 a 4500 | ||
|---|---|---|---|
| 001 | 000014551 | ||
| 005 | 20200929163852.0 | ||
| 008 | 971216s1994 mx a b 10 0 spa | ||
| 020 | _a9686101411 | ||
| 040 |
_aDO-SdBNP _bspa _cLC _dBNPHU |
||
| 050 | 0 | 0 |
_aP94.65.M6 _bM43 1994 |
| 082 |
_a302.23/0972 _bM491m |
||
| 245 | 0 | 0 |
_aMedios y mediaciones : _blos cambiantes sentidos de la dominación en México / _ceditores José Lameiras y Luis Jesús Galindo Cáceres. |
| 260 |
_aMéxico, D. F. : _bColegio de Michoacán ; _bInstituto Tecnológico de Estudios Superiores de Occidente, _c1994. |
||
| 300 |
_a272 p. : _bil. ; _c23 cm. |
||
| 504 | _aReferencias bibliográficas p. [245]-272. | ||
| 650 | 0 |
_aMass media and culture _zMexico _xCongresses. _932934 |
|
| 650 | 0 |
_aMass media _xSocial aspects _zMexico _xCongresses. _932935 |
|
| 700 | 1 |
_aLameiras, José, _eed. _932936 |
|
| 700 | 1 |
_aGalindo Cáceres, Luis Jesús, _eed. _932937 |
|
| 910 | _aCatalogación por copia / LC | ||
| 049 | _aBNGR | ||
| 999 |
_c14138 _d14138 |
||